[Event "RUS-ch Higher League (Women) 75th"]
[Site "Lipetsk"]
[Date "2025.07.01"]
[Round "5"]
[White "Voit, Daria"]
[Black "Goltseva, Ekaterina"]
[Result "1/2-1/2"]
[WhiteElo "2347"]
[BlackElo "2330"]
[PlyCount "90"]
[EventDate "2025.06.26"]
[EventType "swiss"]
[EventRounds "9"]
[EventCountry "RUS"]
[SourceTitle "CB28_2025"]
[SourceDate "2025.07.09"]
[SourceVersion "1"]
[SourceVersionDate "2025.07.09"]
[SourceQuality "1"]

1. c4 e6 2. Nc3 d5 3. cxd5 exd5 4. d4 c5 5. dxc5 d4 6. Ne4 Bf5 7. Ng3 Be6 8. e4 Nc6 9. f4 Bxc5 10. Nf3 Bg4 11. Bd3 h5 12. h3 Bxf3 13. Qxf3 h4 14. Ne2 Nb4 15. a3 Nxd3+ 16. Qxd3 Bb6 17. b4 Nf6 18. Bb2 0-0 19. e5 Nd5 20. 0-0 Rc8 21. Kh1 Nc3 22. Rae1 Re8 23. Ng1 Qd5 24. Nf3 Qc4 25. Qf5 Ne2 26. Rxe2 Qxe2 27. Re1 Qc2 28. Qh5 Rc6 29. Ng5 Qf5 30. Rd1 Rd8 31. Qxh4 Rh6 32. Qf2 d3 33. Qf3 Rh4 34. g4 Qd7 35. Kg2 Rh6 36. f5 Qe7 37. Ne4 Bd4 38. Qxd3 Bb6 39. Qe2 Rxd1 40. Qxd1 Qh4 41. Qd3 Rc6 42. e6 fxe6 43. f6 Qe1 44. fxg7 Rc2+ 45. Qxc2 Qg1+ 1/2-1/2

[Event "RUS-ch Higher League (Women) 75th"]
[Site "Lipetsk"]
[Date "2025.06.26"]
[Round "1"]
[White "Alekseenko, Mariya"]
[Black "Voit, Daria"]
[Result "0-1"]
[WhiteElo "2095"]
[BlackElo "2347"]
[PlyCount "67"]
[EventDate "2025.06.26"]
[EventType "swiss"]
[EventRounds "9"]
[EventCountry "RUS"]
[SourceTitle "CB28_2025"]
[SourceDate "2025.07.09"]
[SourceVersion "1"]
[SourceVersionDate "2025.07.09"]
[SourceQuality "1"]

1. d4 d5 2. c4 e6 3. g3 dxc4 4. Bg2 a6 5. Nf3 Nc6 6. 0-0 Rb8 7. e4 Nf6 8. Nc3 Be7 9. Qe2 b5 10. Rd1 0-0 11. Bf4 Nb4 12. Ne1 Re8 13. a3 Nc6 14. Nc2 Bb7 15. Qf1 Bf8 16. a4 Nb4 17. Nxb4 Bxb4 18. Na2 Be7 19. axb5 axb5 20. Nc3 b4 21. Nb5 Rc8 22. d5 exd5 23. exd5 Bd6 24. Qxc4 Bxf4 25. gxf4 Qd7 26. h3 Red8 27. Ra7 Bxd5 28. Bxd5 Qxh3 29. Rd3 Qg4+ 30. Bg2 Rxd3 31. Qxd3 Re8 32. Ra1 Qxf4 33. Qg3 Qd2 34. Nxc7 0-1

[Event "RUS-chT (Women)"]
[Site "Sochi"]
[Date "2025.04.30"]
[Round "5.3"]
[White "Yakimova, Mariya"]
[Black "Voit, Daria"]
[Result "1-0"]
[WhiteElo "2266"]
[BlackElo "2345"]
[PlyCount "89"]
[EventDate "2025.04.26"]
[EventType "team-swiss"]
[EventRounds "9"]
[EventCountry "RUS"]
[SourceTitle "CB19_2025"]
[SourceDate "2025.05.07"]
[SourceVersion "1"]
[SourceVersionDate "2025.05.07"]
[SourceQuality "1"]
[WhiteTeam "St Petersburg SSHOR (W)"]
[BlackTeam "Moscow Sbornaya (W)"]
[WhiteTeamCountry "RUS"]
[BlackTeamCountry "RUS"]

1. d4 Nf6 2. c4 e6 3. Nc3 Bb4 4. e3 0-0 5. Bd3 d5 6. Nf3 dxc4 7. Bxc4 c5 8. 0-0 cxd4 9. exd4 b6 10. Qe2 Bb7 11. Rd1 Bxc3 12. bxc3 Qc7 13. Bd3 Nbd7 14. c4 Rfd8 15. Bb2 Qf4 16. Nd2 Nf8 17. f3 Ng6 18. g3 Qc7 19. Qf2 Ne7 20. a4 Rd7 21. a5 Rad8 22. Bf1 Ne8 23. axb6 axb6 24. Bh3 Nd6 25. Rdc1 Ndf5 26. Nb3 Qc6 27. d5 Qd6 28. Rab1 b5 29. Nc5 Rc7 30. Ne4 Qd7 31. g4 exd5 32. cxd5 Nd6 33. Qd4 f6 34. Nxf6+ gxf6 35. Qxf6 Ng6 36. g5 Bxd5 37. Bxd7 Rcxd7 38. Rc7 Ne8 39. Rxd7 Rxd7 40. Qf5 Rd6 41. Re1 Bc6 42. Qc8 Kf7 43. Ba3 Bd7 44. Qd8 Rd3 45. Rxe8 1-0

[Event "RUS-chT (Women)"]
[Site "Sochi"]
[Date "2025.04.29"]
[Round "4.3"]
[White "Voit, Daria"]
[Black "Timofeeva, Ekaterina"]
[Result "1-0"]
[WhiteElo "2345"]
[BlackElo "2279"]
[PlyCount "113"]
[EventDate "2025.04.26"]
[EventType "team-swiss"]
[EventRounds "9"]
[EventCountry "RUS"]
[SourceTitle "CB19_2025"]
[SourceDate "2025.05.07"]
[SourceVersion "1"]
[SourceVersionDate "2025.05.07"]
[SourceQuality "1"]
[WhiteTeam "Moscow Sbornaya (W)"]
[BlackTeam "Novosibirsk GAU (W)"]
[WhiteTeamCountry "RUS"]
[BlackTeamCountry "RUS"]

1. d4 d5 2. c4 e6 3. Nc3 Nf6 4. cxd5 exd5 5. Bg5 c6 6. e3 h6 7. Bh4 Bd6 8. Bd3 0-0 9. Nge2 Re8 10. h3 a5 11. g4 Na6 12. Rc1 Nc7 13. Bb1 Ne6 14. f3 Ng5 15. Kf2 Qe7 16. Qd3 b6 17. Ng3 g6 18. Rce1 b5 19. Kg2 b4 20. Nd1 Ba6 21. Qd2 Qc7 22. Ne2 Re7 23. Bf2 Rae8 24. h4 Ne6 25. Ng3 c5 26. dxc5 Qxc5 27. h5 Bxg3 28. Bxg3 g5 29. Nf2 d4 30. e4 Qb6 31. Rc1 Rd8 32. Bd3 Bb7 33. Rhe1 Nd7 34. Bc4 Ndc5 35. Kh2 Ba6 36. b3 a4 37. Bxa6 Qxa6 38. Qxb4 Rb7 39. Qc4 Qxc4 40. Rxc4 axb3 41. axb3 Rxb3 42. Kg2 Rb2 43. Rd1 d3 44. Kf1 Rc2 45. Rc1 Rxc4 46. Rxc4 Nb3 47. Rc3 Nec5 48. Bc7 Rd7 49. Bb6 Nd2+ 50. Kg2 Na4 51. Rc8+ Kg7 52. Be3 Nb1 53. Rc4 Nbc3 54. Bd4+ f6 55. Bxc3 Nxc3 56. Rxc3 d2 57. Nd1 1-0

[Event "Moscow Blondes-Brunettes m 14th"]
[Site "Moscow"]
[Date "2025.03.19"]
[Round "3.9"]
[White "Kiseleva, Arina"]
[Black "Voit, Daria"]
[Result "1-0"]
[WhiteElo "1955"]
[BlackElo "2345"]
[PlyCount "63"]
[EventDate "2025.03.19"]
[EventType "schev (blitz)"]
[EventRounds "10"]
[EventCountry "RUS"]
[SourceTitle "CB13_2025"]
[SourceDate "2025.03.26"]
[SourceVersion "1"]
[SourceVersionDate "2025.03.26"]
[SourceQuality "1"]
[WhiteTeam "Blondes (W)"]
[BlackTeam "Brunettes (W)"]
[WhiteTeamCountry "RUS"]
[BlackTeamCountry "RUS"]

1. Nf3 Nf6 2. g3 d5 3. Bg2 e6 4. 0-0 c5 5. d4 Be7 6. c4 dxc4 7. Qa4+ Nc6 8. Nc3 0-0 9. dxc5 Bxc5 10. Qxc4 Qe7 11. Bg5 Bb6 12. Ne4 e5 13. Nxf6+ gxf6 14. Bh6 Rd8 15. Qh4 Bf5 16. Rac1 Nd4 17. Nxd4 Rxd4 18. e4 Bg6 19. Be3 Rd6 20. Bh6 Rad8 21. Qg4 Qe6 22. Qe2 Qxa2 23. h4 Qa6 24. Qg4 Rd2 25. Bxd2 h5 26. Qd1 Ba5 27. Rc2 b6 28. Qc1 Kg7 29. Bxa5 Qxa5 30. Rc8 Rd4 31. Qc6 Qb4 32. Qe8 1-0

[Event "Moscow Blondes-Brunettes m 14th"]
[Site "Moscow"]
[Date "2025.03.19"]
[Round "5.7"]
[White "Strutinskaya, Galina N"]
[Black "Voit, Daria"]
[Result "0-1"]
[WhiteElo "2076"]
[BlackElo "2345"]
[PlyCount "91"]
[EventDate "2025.03.19"]
[EventType "schev (blitz)"]
[EventRounds "10"]
[EventCountry "RUS"]
[SourceTitle "CB13_2025"]
[SourceDate "2025.03.26"]
[SourceVersion "1"]
[SourceVersionDate "2025.03.26"]
[SourceQuality "1"]
[WhiteTeam "Blondes (W)"]
[BlackTeam "Brunettes (W)"]
[WhiteTeamCountry "RUS"]
[BlackTeamCountry "RUS"]

1. c4 Nf6 2. Nf3 e6 3. d4 d5 4. Nc3 Bb4 5. e3 0-0 6. Bd2 c6 7. a3 Bd6 8. Bd3 Nbd7 9. cxd5 exd5 10. 0-0 Re8 11. Qc2 Nf8 12. b4 Bg4 13. Ne1 Rc8 14. h3 Bh5 15. f4 Bg6 16. Bxg6 Nxg6 17. Rb1 Ne4 18. Nf3 Ng3 19. Rfe1 f6 20. a4 Ne7 21. Qb3 Kh8 22. b5 c5 23. Qa2 cxd4 24. Nxd4 Bc5 25. Ne6 Qd7 26. Nxc5 Rxc5 27. Ne2 Nxe2+ 28. Rxe2 Nf5 29. Rbe1 Rc4 30. Qb3 Ree4 31. a5 Qc8 32. Kf2 h6 33. g4 Nd6 34. Qa3 Nxb5 35. Qb2 Qc5 36. Kf3 a6 37. g5 hxg5 38. fxg5 fxg5 39. Rg1 Qf8+ 40. Kg2 Nd6 41. Rf2 Qe7 42. Kh2 g4 43. Rg3 Nf7 44. Qb6 Ng5 45. hxg4 Rxg4 46. Rxg4 0-1

[Event "Moscow Blondes-Brunettes m 14th"]
[Site "Moscow"]
[Date "2025.03.19"]
[Round "4.8"]
[White "Voit, Daria"]
[Black "Fominykh, Maria"]
[Result "1-0"]
[WhiteElo "2345"]
[BlackElo "2136"]
[PlyCount "115"]
[EventDate "2025.03.19"]
[EventType "schev (blitz)"]
[EventRounds "10"]
[EventCountry "RUS"]
[SourceTitle "CB13_2025"]
[SourceDate "2025.03.26"]
[SourceVersion "1"]
[SourceVersionDate "2025.03.26"]
[SourceQuality "1"]
[WhiteTeam "Brunettes (W)"]
[BlackTeam "Blondes (W)"]
[WhiteTeamCountry "RUS"]
[BlackTeamCountry "RUS"]

1. d4 Nf6 2. c4 e6 3. Nc3 Bb4 4. Nf3 0-0 5. Bg5 h6 6. Bh4 c5 7. Rc1 cxd4 8. Nxd4 Nc6 9. a3 Be7 10. e3 d5 11. cxd5 Nxd4 12. Qxd4 Nxd5 13. Bxe7 Nxe7 14. Rd1 Qxd4 15. Rxd4 e5 16. Rd1 Be6 17. Be2 Bb3 18. Rd7 Nc6 19. Rxb7 Rab8 20. Rxb8 Rxb8 21. Kd2 f5 22. f3 Kf7 23. Kc1 Ke6 24. Bd1 Bc4 25. Ba4 Ne7 26. Rd1 Nd5 27. Nxd5 Bxd5 28. Bd7+ Kxd7 29. Rxd5+ Ke6 30. Ra5 Rb7 31. b4 g5 32. Kc2 h5 33. Kc3 h4 34. h3 Rc7+ 35. Rc5 Rd7 36. Rc6+ Kf7 37. Kc2 Rb7 38. Rc5 Ke6 39. b5 Rd7 40. a4 Rd6 41. a5 Rd7 42. a6 Re7 43. Kc3 Rg7 44. Rc6+ Kd5 45. Kb4 g4 46. Rc5+ Kd6 47. fxg4 fxg4 48. e4 gxh3 49. gxh3 Rg3 50. Rd5+ Ke6 51. b6 axb6 52. a7 Rg8 53. Kb5 Ra8 54. Kxb6 Rf8 55. Rc5 Kd6 56. Rd5+ Ke6 57. Ra5 Ra8 58. Kb7 1-0

[Event "Moscow Blondes-Brunettes m 14th"]
[Site "Moscow"]
[Date "2025.03.19"]
[Round "8.4"]
[White "Voit, Daria"]
[Black "Kovalevskaya, Ekaterina"]
[Result "1-0"]
[WhiteElo "2345"]
[BlackElo "2265"]
[PlyCount "110"]
[EventDate "2025.03.19"]
[EventType "schev (blitz)"]
[EventRounds "10"]
[EventCountry "RUS"]
[SourceTitle "CB13_2025"]
[SourceDate "2025.03.26"]
[SourceVersion "1"]
[SourceVersionDate "2025.03.26"]
[SourceQuality "1"]
[WhiteTeam "Brunettes (W)"]
[BlackTeam "Blondes (W)"]
[WhiteTeamCountry "RUS"]
[BlackTeamCountry "RUS"]

1. d4 Nf6 2. c4 c5 3. d5 b5 4. Qc2 bxc4 5. e4 d6 6. Nf3 g6 7. Bxc4 Bg7 8. 0-0 0-0 9. h3 Nfd7 10. Re1 Nb6 11. Bf1 Ba6 12. Bxa6 Nxa6 13. a3 Rb8 14. Bd2 Qd7 15. Bc3 f6 16. b3 Nc7 17. Nbd2 Nb5 18. Bb2 Rfc8 19. a4 Nc7 20. a5 Nba8 21. Nc4 Na6 22. Bc3 N8c7 23. Rad1 Nb5 24. Bb2 Nb4 25. Qd2 Na6 26. Re2 Nbc7 27. Qe3 Qb5 28. Nfd2 Nb4 29. f4 Nc2 30. Qd3 Nd4 31. Bxd4 cxd4 32. Qxd4 Na6 33. Kh1 Nc5 34. Re3 Qb4 35. Rde1 a6 36. Rf3 Nd7 37. Qf2 Qc5 38. Rfe3 Qc7 39. Qf3 Nc5 40. e5 fxe5 41. fxe5 Rf8 42. Qg4 Qc8 43. exd6 Qxg4 44. hxg4 exd6 45. Nxd6 Rfd8 46. Re8+ Rxe8 47. Rxe8+ Rxe8 48. Nxe8 Bc3 49. Nc4 Nxb3 50. Nc7 Nxa5 51. Nxa5 Bxa5 52. Nxa6 Kf7 53. Nc5 Bb4 54. Ne4 Be7 55. Kg1 Bd8 1-0

[Event "RUS Cup final (Women)"]
[Site "Khanty-Mansiysk"]
[Date "2024.12.16"]
[Round "3.4"]
[White "Nechaeva, Marina"]
[Black "Voit, Daria"]
[Result "1-0"]
[WhiteElo "2317"]
[BlackElo "2356"]
[PlyCount "95"]
[EventDate "2024.12.11"]
[EventType "k.o."]
[EventRounds "3"]
[EventCountry "RUS"]
[SourceTitle "CB52_2024"]
[SourceDate "2024.12.25"]
[SourceVersion "1"]
[SourceVersionDate "2024.12.25"]
[SourceQuality "1"]

1. d4 Nf6 2. c4 e6 3. Nc3 Bb4 4. e3 0-0 5. Bd3 d5 6. a3 Bxc3+ 7. bxc3 dxc4 8. Bxc4 c5 9. Ne2 Qc7 10. Ba2 b6 11. 0-0 Ba6 12. Re1 Nc6 13. Ng3 Rfd8 14. Bb2 Na5 15. Rc1 Bc4 16. Bb1 Bb3 17. Qe2 Nc4 18. e4 e5 19. Ba1 b5 20. Bd3 a5 21. a4 Bxa4 22. Bxc4 bxc4 23. Qxc4 Bd7 24. Bb2 Qb7 25. Ba3 cxd4 26. cxd4 Rac8 27. Bc5 exd4 28. Qxd4 Be6 29. Qa1 Ra8 30. Bd4 Qe7 31. f4 a4 32. f5 Bb3 33. e5 Ne8 34. f6 Qd7 35. Bc5 g6 36. Qa3 Nc7 37. Qb4 Ne6 38. Bd6 Rdc8 39. Ne4 Bd5 40. Nc5 Nxc5 41. Bxc5 Qf5 42. Qd2 Qg4 43. Qxd5 a3 44. Bxa3 Rxa3 45. e6 Rf8 46. exf7+ Kh8 47. Re8 Qb4 48. Qd8 1-0

[Event "RUS Cup final (Women)"]
[Site "Khanty-Mansiysk"]
[Date "2024.12.16"]
[Round "3.2"]
[White "Voit, Daria"]
[Black "Nechaeva, Marina"]
[Result "1-0"]
[WhiteElo "2356"]
[BlackElo "2317"]
[PlyCount "95"]
[EventDate "2024.12.11"]
[EventType "k.o."]
[EventRounds "3"]
[EventCountry "RUS"]
[SourceTitle "CB52_2024"]
[SourceDate "2024.12.25"]
[SourceVersion "1"]
[SourceVersionDate "2024.12.25"]
[SourceQuality "1"]

1. c4 e6 2. Nc3 d5 3. d4 Nf6 4. cxd5 exd5 5. Bg5 c6 6. e3 h6 7. Bh4 Be7 8. Bd3 0-0 9. h3 Re8 10. Nge2 Nbd7 11. Qc2 a5 12. f3 b5 13. Bf2 Ba6 14. 0-0 Bf8 15. Rac1 Qb8 16. Rfd1 Qb7 17. Nf4 Bd6 18. Nce2 g5 19. Qxc6 Qxc6 20. Rxc6 Bf8 21. Rxa6 Rxa6 22. Bxb5 Rb6 23. Bxd7 Nxd7 24. Nd3 Rc6 25. Be1 Rxe3 26. Kf2 Re8 27. Bxa5 Ra8 28. Bb4 Nb6 29. Bxf8 Kxf8 30. Nb4 Rcc8 31. Nc1 Nc4 32. Ncd3 Nb6 33. Nc5 Rd8 34. b3 Nd7 35. a4 Nf6 36. Nbd3 Nd7 37. Nxd7+ Rxd7 38. Nc5 Re7 39. b4 Rae8 40. Rd2 Re1 41. Rb2 Rd1 42. b5 Ree1 43. b6 Rb1 44. Rxb1 Rxb1 45. b7 Ke7 46. a5 Kd6 47. a6 Kc7 48. a7 1-0

[Event "RUS Cup final (Women)"]
[Site "Khanty-Mansiysk"]
[Date "2024.12.14"]
[Round "2.2"]
[White "Potapova, Margarita"]
[Black "Voit, Daria"]
[Result "1/2-1/2"]
[WhiteElo "2199"]
[BlackElo "2356"]
[PlyCount "77"]
[EventDate "2024.12.11"]
[EventType "k.o."]
[EventRounds "3"]
[EventCountry "RUS"]
[SourceTitle "CB52_2024"]
[SourceDate "2024.12.25"]
[SourceVersion "1"]
[SourceVersionDate "2024.12.25"]
[SourceQuality "1"]

1. e4 c6 2. d4 d5 3. e5 Bf5 4. Nf3 e6 5. Be2 a5 6. 0-0 a4 7. Nc3 a3 8. b3 h6 9. Bd2 Nd7 10. Rc1 Ne7 11. Nb1 Qb6 12. b4 f6 13. exf6 Nxf6 14. c3 Ng6 15. h3 Bd6 16. Be3 Qc7 17. Qb3 Nf4 18. Bxf4 Bxf4 19. Rcd1 b5 20. Bd3 0-0 21. Qc2 Ne4 22. Nbd2 Nxd2 23. Nxd2 Bxd3 24. Qxd3 e5 25. dxe5 Bxe5 26. Nf3 Bf6 27. Rfe1 Rfe8 28. Nd4 Bxd4 29. Qxd4 Qf7 30. Qd2 Rxe1+ 31. Rxe1 Re8 32. Rxe8+ Qxe8 33. Qc1 Qe2 34. Qxa3 Qe1+ 35. Kh2 Qxf2 36. Qa8+ Kh7 37. Qxc6 Qf4+ 38. Kg1 Qc1+ 39. Kh2 1/2-1/2

[Event "RUS Cup final (Women)"]
[Site "Khanty-Mansiysk"]
[Date "2024.12.14"]
[Round "2.4"]
[White "Voit, Daria"]
[Black "Potapova, Margarita"]
[Result "1/2-1/2"]
[WhiteElo "2356"]
[BlackElo "2199"]
[PlyCount "75"]
[EventDate "2024.12.11"]
[EventType "k.o."]
[EventRounds "3"]
[EventCountry "RUS"]
[SourceTitle "CB52_2024"]
[SourceDate "2024.12.25"]
[SourceVersion "1"]
[SourceVersionDate "2024.12.25"]
[SourceQuality "1"]

1. d4 Nf6 2. c4 c5 3. d5 b5 4. Qc2 g6 5. e4 d6 6. cxb5 Bg7 7. Nc3 0-0 8. Nf3 a6 9. a4 e6 10. dxe6 Bxe6 11. Be2 axb5 12. Bxb5 Na6 13. 0-0 Nb4 14. Qe2 Qc7 15. Bg5 h6 16. Bxf6 Bxf6 17. Rfd1 Bg7 18. Rd2 Bb3 19. Bc4 Bxc4 20. Qxc4 Rfd8 21. Rad1 Qb6 22. b3 g5 23. h3 Ra7 24. e5 Rad7 25. Nd5 Nxd5 26. Rxd5 Qc6 27. exd6 Rxd6 28. Rxd6 Rxd6 29. Rxd6 Qxd6 30. g4 Qd1+ 31. Kg2 Bd4 32. b4 Qxa4 33. Nxd4 cxd4 34. Qxd4 Qc6+ 35. Kg1 Qc1+ 36. Kg2 Qc6+ 37. Kg1 Qc1+ 38. Kg2 1/2-1/2

[Event "Leninskiy Dokhoian Memorial Rapid"]
[Site "Leninskiy"]
[Date "2024.11.17"]
[Round "11"]
[White "Zakhartsov, Vladimir"]
[Black "Voit, Daria"]
[Result "1-0"]
[WhiteElo "2501"]
[BlackElo "2356"]
[PlyCount "57"]
[EventDate "2024.11.16"]
[EventType "swiss (rapid)"]
[EventRounds "11"]
[EventCountry "RUS"]
[SourceTitle "CB47_2024"]
[SourceDate "2024.11.20"]
[SourceVersion "1"]
[SourceVersionDate "2024.11.20"]
[SourceQuality "1"]

1. c4 Nf6 2. Nc3 e6 3. Nf3 d5 4. d4 Bb4 5. e3 0-0 6. Bd2 c6 7. Bd3 Nbd7 8. 0-0 Bd6 9. Qc2 dxc4 10. Bxc4 e5 11. Rad1 Qe7 12. h3 b5 13. Bd3 Bb7 14. Ne4 Nxe4 15. Bxe4 Nf6 16. dxe5 Bxe5 17. Nxe5 Qxe5 18. Bf3 Qe7 19. a3 Rfc8 20. Bc3 Nd5 21. Bd4 c5 22. Bxg7 Nxe3 23. fxe3 Kxg7 24. Bxb7 Qxb7 25. Qf5 Rc7 26. Qf6+ Kf8 27. Rf5 Rc6 28. Qh8+ Ke7 29. Rxf7+ 1-0

[Event "Leninskiy Dokhoian Memorial Rapid"]
[Site "Leninskiy"]
[Date "2024.11.16"]
[Round "2"]
[White "Voit, Daria"]
[Black "Nesterov, Arseniy"]
[Result "0-1"]
[WhiteElo "2356"]
[BlackElo "2599"]
[PlyCount "62"]
[EventDate "2024.11.16"]
[EventType "swiss (rapid)"]
[EventRounds "11"]
[EventCountry "RUS"]
[SourceTitle "CB47_2024"]
[SourceDate "2024.11.20"]
[SourceVersion "1"]
[SourceVersionDate "2024.11.20"]
[SourceQuality "1"]

1. d4 Nf6 2. c4 e6 3. Nc3 d5 4. cxd5 exd5 5. Bg5 c6 6. e3 Be7 7. Bd3 0-0 8. Qc2 Re8 9. h3 h6 10. Bh4 Nbd7 11. Nge2 Nh5 12. Bxe7 Qxe7 13. 0-0 Nb6 14. Rae1 a5 15. Nc1 Qg5 16. Kh1 Qh4 17. Nb3 Nc4 18. Nd2 Bxh3 19. gxh3 Qxh3+ 20. Kg1 Ng3 21. fxg3 Qxg3+ 22. Kh1 Qh3+ 23. Kg1 Nxe3 24. Rxe3 Rxe3 25. Bh7+ Kh8 26. Nde4 dxe4 27. Bxe4 Re8 28. Bg2 Qg4 29. Qf5 Qxd4 30. Kh1 R3e7 31. Qxa5 Re5 0-1

[Event "RUS-chT Rapid (Women)"]
[Site "Sochi"]
[Date "2024.10.18"]
[Round "4.2"]
[White "Shafigullina, Zarina"]
[Black "Voit, Daria"]
[Result "0-1"]
[WhiteElo "2125"]
[BlackElo "2356"]
[PlyCount "110"]
[EventDate "2024.10.18"]
[EventType "team-swiss (rapid)"]
[EventRounds "9"]
[EventCountry "RUS"]
[SourceTitle "CB43_2024"]
[Source "Chessbase"]
[SourceDate "2024.10.23"]
[SourceVersion "1"]
[SourceVersionDate "2024.10.23"]
[SourceQuality "1"]
[WhiteTeam "Tatarstan (W)"]
[BlackTeam "Moscow Sbornaya (W)"]
[WhiteTeamCountry "RUS"]
[BlackTeamCountry "RUS"]

1. d4 Nf6 2. c4 e6 3. Nf3 d5 4. g3 Bb4+ 5. Bd2 Bd6 6. Nc3 c6 7. Qc2 Nbd7 8. e4 dxe4 9. Nxe4 Nxe4 10. Qxe4 Nf6 11. Qe2 Qb6 12. Bc3 Bb4 13. Bxb4 Qxb4+ 14. Qd2 Qxd2+ 15. Kxd2 b6 16. Bg2 Bb7 17. Rhe1 0-0-0 18. Ke2 c5 19. dxc5 bxc5 20. Rad1 Kc7 21. Kf1 Bxf3 22. Bxf3 Nd7 23. b3 a5 24. Bg2 Nb8 25. Ke2 Na6 26. Rd2 Rxd2+ 27. Kxd2 Rd8+ 28. Kc3 Nb4 29. Re2 Rd1 30. Be4 f5 31. Bg2 Kd6 32. f4 Ra1 33. Rd2+ Ke7 34. a4 Ra2 35. Rxa2 Nxa2+ 36. Kd2 e5 37. fxe5 Ke6 38. Bd5+ Kxe5 39. h4 g6 40. Bg8 h6 41. Bh7 g5 42. hxg5 hxg5 43. Bg6 f4 44. gxf4+ Kxf4 45. Bc2 g4 46. Ke2 Nc3+ 47. Kf2 Ne4+ 48. Kg2 Nd2 49. Bd1 Nf3 50. Kf2 Nd4 51. Kg2 Nf5 52. Be2 Ne3+ 53. Kf2 g3+ 54. Kg1 Ke4 55. Bf1 Kd4 0-1

[Event "RUS-ch Rapid (Women)"]
[Site "Sochi"]
[Date "2024.10.15"]
[Round "3"]
[White "Mikheeva, Galina"]
[Black "Voit, Daria"]
[Result "1/2-1/2"]
[WhiteElo "2120"]
[BlackElo "2356"]
[PlyCount "37"]
[EventDate "2024.10.15"]
[EventType "swiss (rapid)"]
[EventRounds "11"]
[EventCountry "RUS"]
[SourceTitle "CB43_2024"]
[Source "Chessbase"]
[SourceDate "2024.10.23"]
[SourceVersion "1"]
[SourceVersionDate "2024.10.23"]
[SourceQuality "1"]

1. e4 c6 2. Nf3 d5 3. d3 dxe4 4. dxe4 Qxd1+ 5. Kxd1 Nf6 6. Bd3 Nbd7 7. Nc3 Nc5 8. Ke2 Nxd3 9. cxd3 b6 10. e5 Nd5 11. Nxd5 cxd5 12. Be3 e6 13. Rac1 Be7 14. Nd4 Ba6 15. Rc2 Kd7 16. Rhc1 Rhc8 17. Rxc8 Rxc8 18. Rxc8 Bxc8 19. Nb5 1/2-1/2

[Event "RUS-ch Blitz (Women)"]
[Site "Sochi"]
[Date "2024.10.14"]
[Round "8"]
[White "Goltseva, Ekaterina"]
[Black "Voit, Daria"]
[Result "0-1"]
[WhiteElo "2378"]
[BlackElo "2356"]
[PlyCount "122"]
[EventDate "2024.10.14"]
[EventType "swiss (blitz)"]
[EventRounds "13"]
[EventCountry "RUS"]
[SourceTitle "CB43_2024"]
[Source "Chessbase"]
[SourceDate "2024.10.23"]
[SourceVersion "1"]
[SourceVersionDate "2024.10.23"]
[SourceQuality "1"]

1. d4 Nf6 2. c4 e6 3. Nc3 Bb4 4. g3 c5 5. dxc5 Bxc5 6. Bg2 0-0 7. Nf3 Nc6 8. 0-0 Be7 9. Bf4 d6 10. a3 a6 11. b4 h6 12. h3 e5 13. Be3 Bf5 14. Nd2 Rc8 15. Rc1 Qd7 16. Kh2 Rfe8 17. Na4 Rcd8 18. Nb6 Qc7 19. Nd5 Qd7 20. Nb3 Nxd5 21. Bxd5 Bxh3 22. Re1 Be6 23. b5 Nb8 24. Na5 axb5 25. Nxb7 Rc8 26. Na5 Bd8 27. Bxe6 Qxe6 28. Nb7 Rxc4 29. Rxc4 bxc4 30. Nxd6 Rf8 31. Ne4 Be7 32. Qa4 Rc8 33. Rc1 Nd7 34. Nc3 Nf6 35. Qb5 Ng4+ 36. Kg2 Nxe3+ 37. fxe3 Bxa3 38. Rd1 Qc6+ 39. Qxc6 Rxc6 40. Rd8+ Kh7 41. Rd7 Kg6 42. Kf3 Bb2 43. Na4 c3 44. Nxb2 cxb2 45. Rb7 Rc2 46. e4 h5 47. Ke3 f6 48. Kd3 Rc1 49. Rxb2 Rg1 50. Ke3 Rxg3+ 51. Kf2 Rg4 52. Kf3 Kg5 53. Rb7 g6 54. Rh7 Rf4+ 55. Ke3 Kg4 56. Rb7 g5 57. Rb1 h4 58. Rg1+ Kh5 59. Kd3 h3 60. e3 Rf2 61. Rh1 g4 0-1

[Event "RUS-ch Blitz (Women)"]
[Site "Sochi"]
[Date "2024.10.14"]
[Round "6"]
[White "Kobozeva, Viktoria"]
[Black "Voit, Daria"]
[Result "1/2-1/2"]
[WhiteElo "2040"]
[BlackElo "2356"]
[PlyCount "135"]
[EventDate "2024.10.14"]
[EventType "swiss (blitz)"]
[EventRounds "13"]
[EventCountry "RUS"]
[SourceTitle "CB43_2024"]
[Source "Chessbase"]
[SourceDate "2024.10.23"]
[SourceVersion "1"]
[SourceVersionDate "2024.10.23"]
[SourceQuality "1"]

1. d4 Nf6 2. c4 e6 3. g3 d5 4. Bg2 Bb4+ 5. Nd2 0-0 6. Ngf3 b6 7. cxd5 exd5 8. 0-0 Re8 9. Nb1 Bb7 10. Nc3 Bf8 11. Bf4 a6 12. Rc1 c5 13. dxc5 bxc5 14. Ne5 h6 15. Nc4 g5 16. Be5 Ng4 17. Bxb8 Rxb8 18. Nxd5 Ne5 19. b3 Nxc4 20. Rxc4 Bc6 21. Ne3 Bb5 22. Rc2 Qe7 23. Nc4 Rbd8 24. Qc1 Qf6 25. e3 Bg7 26. Rd2 Rxd2 27. Qxd2 Rd8 28. Qc2 Qc3 29. Qxc3 Bxc3 30. Rc1 Bg7 31. Bf3 Bf8 32. Rd1 Rxd1+ 33. Bxd1 Bxc4 34. bxc4 Kg7 35. f4 gxf4 36. exf4 Kf6 37. Kf2 Kf5 38. Kf3 Ke6 39. Ke4 f5+ 40. Kf3 Bg7 41. Bc2 Bd4 42. h3 h5 43. Bd1 Kf6 44. Kg2 Kg6 45. Bc2 Kf6 46. Kf3 Bc3 47. g4 hxg4+ 48. hxg4 fxg4+ 49. Kxg4 Bd2 50. Kf3 Bc3 51. Ke4 Ke6 52. Bd1 Kd6 53. Kf5 Ke7 54. Bf3 Bd4 55. Ke4 Kd6 56. Bg4 Bc3 57. Kf5 Ke7 58. Ke4 Kd6 59. Bc8 a5 60. a4 Bd4 61. Kf5 Ke7 62. Kg6 Bc3 63. Kf5 Bd4 64. Ke4 Kd6 65. Kf5 Ke7 66. Kg6 Bc3 67. f5 Bd4 68. Kg5 1/2-1/2

[Event "RUS-ch Blitz (Women)"]
[Site "Sochi"]
[Date "2024.10.14"]
[Round "11"]
[White "Voit, Daria"]
[Black "Potapova, Margarita"]
[Result "0-1"]
[WhiteElo "2356"]
[BlackElo "2199"]
[PlyCount "80"]
[EventDate "2024.10.14"]
[EventType "swiss (blitz)"]
[EventRounds "13"]
[EventCountry "RUS"]
[SourceTitle "CB43_2024"]
[Source "Chessbase"]
[SourceDate "2024.10.23"]
[SourceVersion "1"]
[SourceVersionDate "2024.10.23"]
[SourceQuality "1"]

1. d4 Nf6 2. c4 e6 3. Nc3 Bb4 4. Nf3 0-0 5. Bd2 b6 6. e3 d5 7. Bd3 c5 8. a3 Bxc3 9. Bxc3 Ba6 10. cxd5 Bxd3 11. Qxd3 Qxd5 12. 0-0 Nc6 13. Rfd1 c4 14. Qc2 b5 15. Be1 Rfc8 16. Nd2 Qh5 17. f3 a5 18. Bf2 Qd5 19. Rdc1 Qd7 20. Ne4 Nxe4 21. Qxe4 Qd5 22. Be1 Ne7 23. Kf2 h6 24. Rc2 f5 25. Qf4 Ng6 26. Qg3 Kh7 27. Bc3 b4 28. axb4 axb4 29. Rxa8 Rxa8 30. Bxb4 f4 31. Qg4 h5 32. Qh3 fxe3+ 33. Kxe3 Qg5+ 34. Kf2 Ra1 35. Bd2 Qd5 36. Be3 Qb5 37. Qxe6 c3 38. bxc3 h4 39. Re2 Qb1 40. f4 Qf1# 0-1